[Event "53smm B Kaltern/Tramin-Steinegg"]
[Site "?"]
[Date "2021.11.06"]
[Round "1.1"]
[White "Engl, Stefan"]
[Black "Dibiasi, Rainer"]
[Result "1-0"]
[WhiteElo "1975"]
[BlackElo "1809"]
[PlyCount "41"]
[EventDate "2021.11.06"]

1. e4 d5 2. exd5 Qxd5 3. Nc3 Qa5 4. d4 c6 5. Bc4 e6 6. Nf3 Nf6 7. Bd2 Qc7 8.
Qe2 Be7 9. Ne5 O-O 10. Rd1 b5 11. Bd3 Bb7 12. O-O a6 13. Bf4 Qb6 14. Ne4 Nbd7
15. Ng5 g6 16. Nxd7 Nxd7 17. Nxh7 Kxh7 18. Qh5+ Kg8 19. Bxg6 Nf6 20. Qh6 c5 21.
Rd3 1-0

[Event "53smm B Kaltern/Tramin-Steinegg"]
[Site "?"]
[Date "2021.11.06"]
[Round "1.2"]
[White "Unterkofler, Alex"]
[Black "Engl, Alexander"]
[Result "1/2-1/2"]
[WhiteElo "1743"]
[BlackElo "1792"]
[PlyCount "69"]
[EventDate "2021.11.06"]

1. e4 e6 2. d4 d5 3. exd5 exd5 4. c4 c6 5. Nc3 Nf6 6. Nf3 Bf5 7. Be2 Nbd7 8.
O-O Be7 9. Qb3 Qb6 10. Bf4 O-O 11. Rfe1 Rfe8 12. cxd5 Qxb3 13. axb3 Nxd5 14.
Nxd5 cxd5 15. Bb5 a6 16. Re3 Bb4 17. Bxd7 Bxd7 18. Rc1 Rxe3 19. fxe3 Rc8 20.
Rxc8+ Bxc8 21. Ne5 Bf5 22. g4 Bc2 23. Nd7 Bxb3 24. Nc5 Bxc5 25. dxc5 Kf8 26.
Kf2 Ke7 27. Ke2 Kd7 28. Kd3 Kc6 29. Kd4 Kb5 30. Bd6 Kc6 31. Bf8 g6 32. Ke5 Bc4
33. g5 Kb5 34. Bd6 Kc6 35. Bf8 1/2-1/2

[Event "53smm B Kaltern/Tramin-Steinegg"]
[Site "?"]
[Date "2021.11.06"]
[Round "1.3"]
[White "Lantschner, Arnold"]
[Black "Martinelli, Michele"]
[Result "0-1"]
[WhiteElo "1349"]
[BlackElo "1662"]
[PlyCount "80"]
[EventDate "2021.11.06"]

1. e4 d6 2. Bc4 Nf6 3. Nc3 g6 4. b3 Bg7 5. f3 O-O 6. Bb2 c5 7. Rb1 Nc6 8. Nge2
a6 9. a4 Ne5 10. d3 Qa5 11. Ba3 Nxc4 12. dxc4 Nxe4 13. fxe4 Bxc3+ 14. Nxc3
Qxc3+ 15. Qd2 Qf6 16. Bb2 Qh4+ 17. Kf1 Qxe4 18. Re1 Qf5+ 19. Kg1 Qd7 20. h4 f6
21. Rh3 Ra7 22. Rg3 Kf7 23. Qh6 Rg8 24. Qxh7+ Rg7 25. Qh6 b6 26. Rf1 Qe8 27. h5
Qg8 28. Bc3 Bf5 29. Rf2 Rd7 30. Rg5 Rh7 31. hxg6+ Bxg6 32. Rxg6 Qxg6 33. Qf4
Qh6 34. Qxh6 Rxh6 35. g3 Rd8 36. Kg2 Rdh8 37. Kg1 Rh1+ 38. Kg2 R1h2+ 39. Kf3
Rxf2+ 40. Kxf2 Rh2+ 0-1

[Event "53smm B Kaltern/Tramin-Steinegg"]
[Site "?"]
[Date "2021.11.06"]
[Round "1.4"]
[White "Florian, Andreas"]
[Black "Lantschner, Alexander"]
[Result "1-0"]
[WhiteElo "1596"]
[BlackElo "1392"]
[PlyCount "49"]
[EventDate "2021.11.06"]

1. d4 d5 2. Bf4 Bf5 3. e3 e6 4. Nf3 Nf6 5. Be2 Bd6 6. Bg3 Ne4 7. Nbd2 Bxg3 8.
hxg3 h6 9. Ne5 f6 10. Bh5+ Ke7 11. Nf7 Qf8 12. Nxh8 Qxh8 13. Nxe4 Bxe4 14. Bf3
Qh7 15. Rc1 Nc6 16. Bxe4 Qxe4 17. Qf3 Qg6 18. a3 a6 19. O-O Rh8 20. Qf4 e5 21.
dxe5 Nxe5 22. Qb4+ Ke6 23. Qh4 c6 24. f4 Nc4 25. f5+ 1-0

[Event "53smm B Richter/Lask2-Arci"]
[Site "?"]
[Date "2021.11.06"]
[Round "1.1"]
[White "Perino, Alberto"]
[Black "Venturini, Sergio"]
[Result "1-0"]
[WhiteElo "1899"]
[BlackElo "1448"]
[PlyCount "87"]
[EventDate "2021.11.06"]

1. e4 e5 2. d4 exd4 3. c3 d6 4. cxd4 Nf6 5. Nc3 Be7 6. Nf3 Nc6 7. Bb5 a6 8. Ba4
O-O 9. h3 b5 10. Bc2 Re8 11. O-O Bb7 12. Re1 Nb4 13. Bb1 c5 14. d5 c4 15. a3
Nd3 16. Bxd3 cxd3 17. Qxd3 Nd7 18. Be3 Rc8 19. Bd4 Nc5 20. Qd1 f6 21. Nh4 Rc7
22. Nf5 Bc8 23. Rc1 Bxf5 24. exf5 Qd7 25. Bxc5 Rxc5 26. Re6 Bf8 27. Qh5 Rxe6
28. dxe6 Qxe6 29. fxe6 Rxh5 30. f4 Rc5 31. Rd1 Be7 32. Kf2 Kf8 33. Ke3 f5 34.
Rd5 g6 35. g4 fxg4 36. hxg4 Rc4 37. Ne4 Rc6 38. f5 Kg7 39. g5 gxf5 40. Rxf5 Kg6
41. Rf7 d5 42. Rxe7 dxe4 43. Kxe4 Kxg5 44. Kd5 1-0

[Event "53smm B Richter/Lask2-Arci"]
[Site "?"]
[Date "2021.11.06"]
[Round "1.2"]
[White "Anrather, Eva"]
[Black "Rinaldo, Gaetano"]
[Result "0-1"]
[WhiteElo "1420"]
[BlackElo "1676"]
[PlyCount "44"]
[EventDate "2021.11.06"]

1. e4 e6 2. d4 d5 3. Bd3 c5 4. exd5 cxd4 5. Bb5+ Bd7 6. Bxd7+ Qxd7 7. Qxd4 exd5
8. Nc3 Nf6 9. Nf3 Nc6 10. Qe3+ Be7 11. Nd4 O-O 12. Nce2 Bc5 13. O-O Rfe8 14.
Qd3 Qg4 15. Be3 Ne5 16. Qf5 Nc4 17. h3 Qxf5 18. Nxf5 Nxe3 19. fxe3 g6 20. Nfd4
Rxe3 21. Rxf6 Rxe2 22. Kf1 Bxd4 0-1

[Event "53smm B Richter/Lask2-Arci"]
[Site "?"]
[Date "2021.11.06"]
[Round "1.3"]
[White "Benvenuto, Alexander"]
[Black "Gruber, Martin"]
[Result "0-1"]
[WhiteElo "1711"]
[BlackElo "1597"]
[PlyCount "108"]
[EventDate "2021.11.06"]

1. d4 d5 2. Nf3 Nf6 3. e3 Nbd7 4. Bd3 c6 5. Nbd2 Qc7 6. O-O e5 7. e4 Bd6 8.
exd5 cxd5 9. Nxe5 Nxe5 10. dxe5 Bxe5 11. Nf3 O-O 12. Nxe5 Qxe5 13. Re1 Qd6 14.
h3 Rd8 15. b3 Be6 16. Bb2 Qf4 17. Re3 Kh8 18. Be5 Qg5 19. Qe2 Ne4 20. Bd4 Rg8
21. Bxe4 dxe4 22. Rxe4 Bxh3 23. Qf3 Be6 24. Rae1 Bd5 25. Rg4 Qd2 26. Qc3 Qxc3
27. Bxc3 Be6 28. Rg3 Bf5 29. Re7 f6 30. Rxb7 Bxc2 31. Bd4 a6 32. Rgxg7 Rxg7 33.
Bxf6 Rag8 34. b4 h6 35. f4 Kh7 36. Bxg7 Rxg7 37. Rxg7+ Kxg7 38. Kf2 Kf6 39. g4
Kg6 40. Ke3 Bd1 41. g5 h5 42. Kf2 Ba4 43. Kg3 Be8 44. Kh4 Kf5 45. a4 Bxa4 46.
Kxh5 Kxf4 47. Kg6 Ke5 48. Kf7 Kd6 49. Kf6 Kc6 50. Ke5 Kb5 51. Kd4 Kxb4 52. Kd3
Kb3 53. g6 Bb5+ 54. Kd4 a5 0-1

[Event "53smm B Richter/Lask2-Arci"]
[Site "?"]
[Date "2021.11.06"]
[Round "1.4"]
[White "Pardeller, Arthur"]
[Black "Borgese, Alessio"]
[Result "0-1"]
[WhiteElo "1598"]
[BlackElo "1591"]
[PlyCount "62"]
[EventDate "2021.11.06"]

1. d4 Nf6 2. c4 e5 3. dxe5 Ng4 4. Nf3 Bc5 5. e3 Nc6 6. Nc3 O-O 7. Be2 Re8 8.
O-O Ngxe5 9. Nxe5 Nxe5 10. a3 a5 11. b3 Ra6 12. f4 Ng6 13. Qd3 Rd6 14. Qf5
Bxe3+ 15. Bxe3 Rxe3 16. Qxa5 b6 17. Qa8 Rxc3 18. Bf3 c6 19. Rab1 Rdd3 20. Bg4
Qc7 21. Rbe1 Re3 22. Rd1 Nf8 23. Rb1 Qb7 24. Qa4 d5 25. Bf3 b5 26. cxb5 Qb6 27.
Kh1 cxb5 28. Qb4 Bf5 29. Rb2 Be4 30. Be2 Qg6 31. Bxb5 Rxb3 0-1

[Event "53smm B Ridnaun-Groeden2"]
[Site "?"]
[Date "2021.11.06"]
[Round "1.1"]
[White "Casadio, Niccolo"]
[Black "Aigner, Helmut"]
[Result "0-1"]
[WhiteElo "1918"]
[BlackElo "1877"]
[PlyCount "134"]
[EventDate "2021.11.06"]

1. e4 e5 2. Nf3 Nc6 3. Bc4 Nf6 4. d3 Bc5 5. c3 d6 6. Bb3 Bg4 7. Nbd2 O-O 8. O-O
Qe7 9. Re1 Kh8 10. Nf1 Bb6 11. h3 Bh5 12. Ng3 Bg6 13. Nh4 Qd7 14. Bg5 Ng8 15.
Nhf5 f6 16. Be3 Nge7 17. Qg4 Nxf5 18. exf5 Bf7 19. Be6 Qe7 20. Bxb6 axb6 21. d4
Ra4 22. b3 Ra5 23. b4 Ra3 24. d5 Nd8 25. c4 c6 26. Qe2 Be8 27. Qb2 Ra4 28. Rac1
Nxe6 29. fxe6 Bg6 30. Red1 Rfa8 31. c5 cxd5 32. Rxd5 Qxe6 33. Rxd6 Qe7 34. Rxb6
Rxa2 35. Qc3 h6 36. Qf3 e4 37. Qg4 Kh7 38. h4 e3 39. h5 exf2+ 40. Kh2 Be8 41.
Re6 Qc7 42. Qe4+ f5 43. Qxf5+ Kg8 44. Qd3 Bc6 45. Rf1 R8a3 46. Qg6 Qf4 47. Re8+
Bxe8 48. Qxe8+ Kh7 49. Qg6+ Kg8 50. Qe8+ Qf8 51. Qxf8+ Kxf8 52. Nf5 Rb3 53. g3
Rxb4 54. Nd6 Rc2 55. Kg2 Rbb2 56. Ne4 Rc4 57. Nxf2 Rxc5 58. Kh3 Rf5 59. Kg2
Rbxf2+ 60. Rxf2 Rxf2+ 61. Kxf2 Ke7 62. Ke3 Ke6 63. Ke4 b5 64. g4 b4 65. Kd4 Kf6
66. Kc4 Kg5 67. Kxb4 Kxg4 0-1

[Event "53smm B Ridnaun-Groeden2"]
[Site "?"]
[Date "2021.11.06"]
[Round "1.2"]
[White "Helfer, August"]
[Black "Casadio, Lorenzo"]
[Result "1-0"]
[WhiteElo "1667"]
[BlackElo "1863"]
[PlyCount "96"]
[EventDate "2021.11.06"]

1. d4 Nf6 2. Nf3 d5 3. c4 c6 4. cxd5 cxd5 5. Bg5 e6 6. Nc3 Be7 7. e3 O-O 8. Bd3
b6 9. O-O Ba6 10. Rc1 h6 11. Bh4 Bb7 12. a3 Nbd7 13. b4 a6 14. Na4 Ne8 15. Bg3
Nd6 16. Qb3 Nf6 17. h3 Nfe4 18. Bh2 f5 19. Rc2 Ra7 20. Ne5 Rf6 21. f3 Ng5 22.
Rfc1 b5 23. Nc5 Nc4 24. Kf2 Ba8 25. Be2 Qe8 26. Ncd3 Nf7 27. Rh1 Nfd6 28. Nc5
Kh7 29. a4 bxa4 30. Qxa4 Qxa4 31. Nxa4 a5 32. bxa5 Rxa5 33. Nc5 h5 34. Ncd7 Rh6
35. Nxc4 Nxc4 36. Bxc4 dxc4 37. Ne5 g5 38. Nxc4 Ra7 39. Be5 Rg6 40. Rhc1 g4 41.
Nd2 gxh3 42. gxh3 Bh4+ 43. Kf1 Ra3 44. Rc8 Bf6 45. R1c7+ Kh6 46. Bf4+ Rg5 47.
h4 Kg6 48. Rg8+ Kh6 1-0

[Event "53smm B Ridnaun-Groeden2"]
[Site "?"]
[Date "2021.11.06"]
[Round "1.3"]
[White "Dejori, David"]
[Black "Sparber, Werner"]
[Result "1-0"]
[WhiteElo "1808"]
[BlackElo "1593"]
[PlyCount "119"]
[EventDate "2021.11.06"]

1. d4 d5 2. Nf3 Nf6 3. c4 e6 4. Nc3 Be7 5. Bf4 O-O 6. e3 c6 7. Rc1 dxc4 8. Bxc4
b5 9. Bd3 Bb7 10. O-O Nbd7 11. Qe2 a6 12. Ne4 Nd5 13. Bd6 f5 14. Bxe7 Qxe7 15.
Nc5 Nxc5 16. Rxc5 Nf6 17. Ne5 Nd7 18. Nxd7 Qxd7 19. Rfc1 Qd6 20. Qf3 Rf6 21.
Qg3 f4 22. Qg4 Raf8 23. Rh5 g6 24. Rcc5 Bc8 25. Rhe5 Kg7 26. h4 h5 27. Qg5 fxe3
28. fxe3 Bd7 29. Be4 Rf1+ 30. Kh2 Be8 31. Rxc6 Qb8 32. Rcxe6 R1f6 33. Re7+ Bf7
34. Bf3 Qd6 35. Kh3 Rh8 36. Bd5 Rf8 37. Bxf7 R8xf7 38. Rxf7+ Rxf7 39. d5 Rf6
40. e4 Kf7 41. Qg3 Qc5 42. Re6 Qc8 43. Qd6 Rxe6 44. dxe6+ Qxe6+ 45. Qxe6+ Kxe6
46. Kg3 Ke5 47. Kf3 a5 48. g3 a4 49. a3 Ke6 50. Kf4 Kf6 51. e5+ Ke6 52. Ke4 Kd7
53. Kd5 Ke7 54. e6 Ke8 55. Kd6 Kd8 56. e7+ Ke8 57. Ke6 b4 58. axb4 g5 59. hxg5
a3 60. bxa3 1-0

[Event "53smm B Ridnaun-Groeden2"]
[Site "?"]
[Date "2021.11.06"]
[Round "1.4"]
[White "Helfer, Sieghard"]
[Black "Kasslatter, Matthias"]
[Result "1/2-1/2"]
[WhiteElo "1514"]
[BlackElo "1573"]
[PlyCount "72"]
[EventDate "2021.11.06"]

1. d4 d5 2. c4 e6 3. Nc3 Nf6 4. Bg5 Be7 5. Bxf6 Bxf6 6. e3 O-O 7. Nf3 b6 8.
cxd5 exd5 9. Be2 Bb7 10. O-O Nd7 11. Qb3 c6 12. Rac1 Rc8 13. e4 dxe4 14. Nxe4
Qe7 15. Ng3 c5 16. d5 Ne5 17. Rfe1 Rfd8 18. Bc4 Nxf3+ 19. Qxf3 Qd7 20. Rcd1 b5
21. Bd3 Bxd5 22. Be4 Bd4 23. Qd3 Bxe4 24. Qxe4 Re8 25. Qc2 Rxe1+ 26. Rxe1 Re8
27. Rd1 Qe6 28. b3 Qg6 29. Qf5 Qxf5 30. Nxf5 g6 31. Nxd4 cxd4 32. Kf1 Rd8 33.
Ke2 Kg7 34. Kd3 Rc8 35. Re1 Kf6 36. Re2 a6 1/2-1/2

[Event "53smm B Ridnaun-Richter/Lask2"]
[Site "?"]
[Date "2022.03.12"]
[Round "3.3"]
[White "Casisa, Davide"]
[Black "Helfer, Sieghard"]
[Result "0-1"]
[WhiteElo "1502"]
[BlackElo "1516"]
[PlyCount "84"]
[EventDate "2021.11.06"]

1. e4 g6 2. Nf3 Bg7 3. d4 d6 4. c3 Nd7 5. Bb5 e6 6. Bg5 Ne7 7. O-O h6 8. Bh4
O-O 9. Re1 a6 10. Bxd7 Bxd7 11. Qd2 g5 12. Bg3 Ng6 13. e5 g4 14. exd6 gxf3 15.
dxc7 Qf6 16. gxf3 Qxf3 17. Re3 Qd5 18. Qe2 Bc6 19. f3 Rfe8 20. Nd2 f5 21. Bf2
Rac8 22. c4 Qd6 23. Rd3 Nf4 24. Qe3 Nxd3 25. Qxd3 Qxc7 26. Re1 Rcd8 27. Nb3 Qf7
28. Na5 Qh5 29. Nxc6 bxc6 30. b3 Qg5+ 31. Kh1 Qf6 32. Rg1 Kh7 33. Rg4 Qf7 34.
f4 Bf6 35. Rg1 Rg8 36. Rd1 Qg6 37. Qf3 Qg4 38. Qxg4 Rxg4 39. Be3 e5 40. fxe5
Bxe5 41. Rf1 Bxd4 42. Bc1 Rg1+ 0-1

[Event "53smm Groeden-Merania"]
[Site "?"]
[Date "2021.11.06"]
[Round "1.1"]
[White "Bonagura, Stefano"]
[Black "Moroder, Stephan"]
[Result "1-0"]
[WhiteElo "2225"]
[BlackElo "2157"]
[PlyCount "75"]
[EventDate "2021.11.06"]

1. d4 Nf6 2. Nf3 g6 3. Bg5 Bg7 4. c3 b6 5. Nbd2 Bb7 6. e3 O-O 7. Bd3 c5 8. h4
Nc6 9. h5 Nxh5 10. Rxh5 gxh5 11. Nh4 f5 12. Nxf5 Qe8 13. f4 cxd4 14. cxd4 Rxf5
15. Bxf5 e5 16. Qb3+ Kh8 17. fxe5 Nxe5 18. O-O-O Nf7 19. Bh4 Nd6 20. Bc2 Rc8
21. Kb1 Ne4 22. Nf3 d6 23. d5 Nc5 24. Qa3 a5 25. Ng5 h6 26. Nf3 Qf7 27. e4 Re8
28. Bf2 Bc8 29. Bxc5 bxc5 30. e5 dxe5 31. Qxc5 Bg4 32. Be4 a4 33. d6 Rc8 34.
Qb5 Qe6 35. Qd5 Qxd5 36. Rxd5 Be6 37. Ra5 Bd7 38. Nxe5 1-0

[Event "53smm Groeden-Merania"]
[Site "?"]
[Date "2021.11.06"]
[Round "1.2"]
[White "Demetz, Rainer"]
[Black "Zuev, Mikhail"]
[Result "1-0"]
[WhiteElo "2169"]
[BlackElo "1707"]
[PlyCount "73"]
[EventDate "2021.11.06"]

1. c4 c5 2. g3 Nc6 3. Bg2 Nf6 4. Nf3 e5 5. Nc3 Be7 6. O-O O-O 7. d3 d6 8. Rb1
Rb8 9. a3 Nd4 10. e3 Nxf3+ 11. Bxf3 Bf5 12. b4 b6 13. Bb2 a6 14. b5 a5 15. Qe2
Qc7 16. g4 Be6 17. Kh1 Rbd8 18. g5 Ne8 19. Rg1 Qc8 20. Bd5 Nc7 21. f4 Nxd5 22.
cxd5 Qb7 23. e4 Bc8 24. f5 f6 25. g6 h6 26. Bc1 Rfe8 27. Qh5 Bf8 28. Rb2 Bd7
29. Bxh6 Bxf5 30. exf5 gxh6 31. g7 Bxg7 32. Rxg7+ Qxg7 33. Rg2 Re7 34. Ne4 Rf8
35. Nxd6 Kh7 36. Rxg7+ Rxg7 37. Ne4 1-0

[Event "53smm Groeden-Merania"]
[Site "?"]
[Date "2021.11.06"]
[Round "1.3"]
[White "Battiston, Claudio"]
[Black "Moroder, Thomas"]
[Result "1/2-1/2"]
[WhiteElo "1814"]
[BlackElo "1999"]
[PlyCount "81"]
[EventDate "2021.11.06"]

1. Nf3 Nf6 2. b3 g6 3. Bb2 Bg7 4. g3 O-O 5. Bg2 c5 6. c4 Nc6 7. O-O d6 8. d4
cxd4 9. Nxd4 Bd7 10. Nc3 Rc8 11. Rc1 a6 12. Qd2 Qa5 13. Rfd1 Qh5 14. Nxc6 bxc6
15. Ne4 Nxe4 16. Bxe4 Bxb2 17. Qxb2 Bg4 18. Re1 f5 19. Bf3 Bxf3 20. exf3 Rf7
21. Qe2 f4 22. Kg2 Rcf8 23. g4 Qc5 24. Qe6 a5 25. Rcd1 Qa7 26. h4 Qb7 27. Re4
Kg7 28. Re2 a4 29. Rd3 Ra8 30. Rb2 Rf6 31. Qe4 Ra5 32. g5 Rff5 33. Re2 Rae5 34.
Qd4 c5 35. Qc3 axb3 36. axb3 Kf7 37. Rxe5 Rxe5 38. Rd1 h6 39. gxh6 g5 40. h7
Kg7 41. Rd5 1/2-1/2

[Event "53smm Groeden-Merania"]
[Site "?"]
[Date "2021.11.06"]
[Round "1.4"]
[White "Bernardi, Ruben"]
[Black "Kaserer, Hanspeter"]
[Result "1-0"]
[WhiteElo "2056"]
[BlackElo "1683"]
[PlyCount "85"]
[EventDate "2021.11.06"]

1. c4 e5 2. g3 Nf6 3. Bg2 d5 4. cxd5 Nxd5 5. Nc3 c6 6. Nf3 Bd6 7. O-O O-O 8. e4
Nxc3 9. bxc3 c5 10. Rb1 Nc6 11. Qe2 Re8 12. Rd1 Qe7 13. d3 b6 14. Nd2 Ba6 15.
Nf1 Qe6 16. Ne3 Ne7 17. h4 Rad8 18. Kh2 Bc7 19. c4 Bc8 20. Rb2 Nc6 21. Nd5 Bb8
22. Be3 Nd4 23. Qf1 f5 24. Bxd4 exd4 25. exf5 Qxf5 26. Re2 Qh5 27. Rde1 Qxh4+
28. Kg1 Qh5 29. Bf3 Qg6 30. Ne7+ Rxe7 31. Rxe7 Rf8 32. Bd5+ Kh8 33. Rf7 Rg8 34.
Qg2 Bd6 35. Rxa7 Rf8 36. Be4 Qf6 37. Ra3 Qh6 38. Rb3 Bc7 39. Rb2 Qf6 40. Rbe2
Bg4 41. f3 Bxf3 42. Bxf3 Qxf3 43. Qxf3 1-0

[Event "53smm Klausen-Gries"]
[Site "?"]
[Date "2021.11.06"]
[Round "1.1"]
[White "Zammarchi, Massimo"]
[Black "Schacher, Gerd"]
[Result "0-1"]
[WhiteElo "1927"]
[BlackElo "2287"]
[PlyCount "52"]
[EventDate "2021.11.06"]

1. e4 c5 2. Nf3 d6 3. d4 cxd4 4. Nxd4 Nf6 5. Nc3 a6 6. f4 Qc7 7. Bd3 g6 8. O-O
Bg7 9. Nf3 Nbd7 10. Qe1 b5 11. Kh1 Bb7 12. e5 dxe5 13. fxe5 Ng4 14. Qg3 Ngxe5
15. Bf4 O-O 16. Rae1 Bxf3 17. gxf3 e6 18. a3 Rac8 19. Re4 Qc5 20. Rd1 Nxd3 21.
Rxd3 Nf6 22. Bd6 Nxe4 23. fxe4 Qc4 24. Bxf8 Rxf8 25. Qf3 a5 26. b3 Qc5 0-1

[Event "53smm Klausen-Gries"]
[Site "?"]
[Date "2021.11.06"]
[Round "1.2"]
[White "Seebacher, Michael"]
[Black "Fongarolli, Diego"]
[Result "1-0"]
[WhiteElo "2043"]
[BlackElo "1901"]
[PlyCount "73"]
[EventDate "2021.11.06"]

1. e4 c5 2. c4 Nc6 3. Nc3 g6 4. g3 Bg7 5. Bg2 d6 6. Nge2 e5 7. O-O Nge7 8. a3
O-O 9. Rb1 Be6 10. d3 a5 11. Nd5 Nd4 12. b4 axb4 13. axb4 b6 14. bxc5 bxc5 15.
Nxd4 cxd4 16. Nxe7+ Qxe7 17. f4 exf4 18. Bxf4 g5 19. Bc1 Be5 20. Qh5 f6 21. h4
g4 22. Bh6 Rfc8 23. Bf4 Rf8 24. Rb2 Rfb8 25. Rbf2 Rf8 26. Kh2 Ra3 27. Bxe5 dxe5
28. Qh6 Rxd3 29. Rxf6 Rxf6 30. Rxf6 Bxc4 31. Rc6 Bf7 32. Rc8+ Be8 33. Qc6 Kf8
34. Qh6+ Kg8 35. Bf1 Rc3 36. Bc4+ Kh8 37. Rxe8+ 1-0

[Event "53smm Klausen-Gries"]
[Site "?"]
[Date "2021.11.06"]
[Round "1.3"]
[White "Paulmichl, Martin"]
[Black "Haller, Quentin"]
[Result "1-0"]
[WhiteElo "1886"]
[BlackElo "1883"]
[PlyCount "49"]
[EventDate "2021.11.06"]

1. f4 e5 2. fxe5 d6 3. exd6 Bxd6 4. Nf3 g5 5. d3 g4 6. Nd4 Qh4+ 7. g3 Bxg3+ 8.
hxg3 Qxh1 9. Bf4 Ne7 10. Nc3 Na6 11. Qd2 Qh5 12. Qe3 f5 13. Nd5 Qf7 14. Bg5 Be6
15. Nf6+ Kd8 16. Nxe6+ Kc8 17. Qe5 h6 18. Bh4 Ng6 19. Qxf5 Nxh4 20. gxh4 Kb8
21. Bg2 Re8 22. Qd5 c6 23. Qd6+ Kc8 24. Nxe8 Qxe8 25. Be4 1-0

[Event "53smm Klausen-Gries"]
[Site "?"]
[Date "2021.11.06"]
[Round "1.4"]
[White "Schrott, Johann"]
[Black "Niederstaetter, Harald"]
[Result "1/2-1/2"]
[WhiteElo "1812"]
[BlackElo "1867"]
[PlyCount "65"]
[EventDate "2021.11.06"]

1. e4 c6 2. d4 d5 3. Nc3 dxe4 4. Nxe4 Nf6 5. Nxf6+ exf6 6. Bc4 Bd6 7. Ne2 Qc7
8. h3 O-O 9. Be3 Nd7 10. c3 Re8 11. O-O Nb6 12. Bd3 f5 13. Bg5 h6 14. Bd2 f4
15. f3 Nd5 16. Re1 Ne3 17. Qc1 g5 18. c4 Bf5 19. Qb1 Qd7 20. Bxf5 Nxf5 21. Qd3
Bf8 22. Rad1 Bg7 23. Bc3 Re7 24. Qb1 Rae8 25. Kf2 Nh4 26. d5 Nxf3 27. gxf3 Qxh3
28. Ng1 Qg3+ 29. Kf1 Re3 30. Bxg7 Rxf3+ 31. Nxf3 Qxf3+ 32. Kg1 Qg3+ 33. Kf1
1/2-1/2

[Event "53smm Naturns-Deutschnofen"]
[Site "?"]
[Date "2021.11.06"]
[Round "1.1"]
[White "Zamengo, Fulvio"]
[Black "Unterthurner, Hans"]
[Result "1-0"]
[WhiteElo "2316"]
[BlackElo "1918"]
[PlyCount "79"]
[EventDate "2021.11.06"]

1. e4 e6 2. d4 d5 3. Bd3 c5 4. dxc5 Bxc5 5. exd5 exd5 6. Nf3 Ne7 7. Nc3 Nbc6 8.
O-O O-O 9. a3 a6 10. Ne2 Bg4 11. Ng3 Ng6 12. h3 Bd7 13. Bxg6 hxg6 14. Qxd5 Bb6
15. Rd1 Be6 16. Qxd8 Rfxd8 17. Be3 Bc7 18. Nd4 Bd5 19. Nge2 Be5 20. Nxc6 bxc6
21. Bd4 Bd6 22. Nc3 Bc7 23. Nxd5 Rxd5 24. Bc3 Rad8 25. Rxd5 Rxd5 26. Re1 Kf8
27. Kf1 Bb6 28. Re5 Rd1+ 29. Ke2 Rc1 30. Bb4+ Kg8 31. Kd2 Rg1 32. Bc5 Bc7 33.
Re8+ Kh7 34. g3 Rb1 35. b3 Ba5+ 36. b4 Bc7 37. Rc8 Be5 38. Rxc6 a5 39. bxa5 Rb5
40. a6 1-0

[Event "53smm Naturns-Deutschnofen"]
[Site "?"]
[Date "2021.11.06"]
[Round "1.2"]
[White "Gurschler, Thomas"]
[Black "Dappiano, Andrea"]
[Result "0-1"]
[WhiteElo "1852"]
[BlackElo "2258"]
[PlyCount "56"]
[EventDate "2021.11.06"]

1. d4 e6 2. Bf4 c5 3. e3 Nc6 4. Nf3 Nf6 5. Bd3 d5 6. c3 Bd6 7. Bxd6 Qxd6 8.
Nbd2 O-O 9. O-O e5 10. dxe5 Nxe5 11. Nxe5 Qxe5 12. Nf3 Qe7 13. h3 Bd7 14. Qc2
Bc6 15. Rfe1 Rad8 16. a4 Ne4 17. Bb5 Rd6 18. Bxc6 bxc6 19. b4 Rg6 20. b5 Qf6
21. Kh1 Qf5 22. Re2 Rh6 23. bxc6 Rxc6 24. c4 Rh6 25. cxd5 Rxh3+ 26. gxh3 Qxf3+
27. Kg1 Ng5 28. Ree1 Qxh3 0-1

[Event "53smm Naturns-Deutschnofen"]
[Site "?"]
[Date "2021.11.06"]
[Round "1.3"]
[White "Micheli, Carlo"]
[Black "Naegele, Raimund"]
[Result "1-0"]
[WhiteElo "2214"]
[BlackElo "1658"]
[PlyCount "63"]
[EventDate "2021.11.06"]

1. e4 c6 2. d4 d5 3. e5 Bf5 4. Nf3 e6 5. Be2 c5 6. O-O Nc6 7. c3 Qb6 8. dxc5
Bxc5 9. b4 Be7 10. Na3 a6 11. b5 Bxa3 12. bxc6 Bxc1 13. cxb7 Qxb7 14. Rxc1 Ne7
15. Qa4+ Qd7 16. Qa3 O-O 17. c4 Rfc8 18. Rfd1 Qb7 19. Nd4 Be4 20. Nb3 Ng6 21.
f3 Nf4 22. Bf1 dxc4 23. Nc5 Qa7 24. Rxc4 Bd5 25. Rcc1 a5 26. Rd2 Rc7 27. Kh1
Rac8 28. Rdc2 Ng6 29. Qe3 h6 30. a3 Nf8 31. Bb5 Rb8 32. a4 1-0

[Event "53smm Naturns-Deutschnofen"]
[Site "?"]
[Date "2021.11.06"]
[Round "1.4"]
[White "Wielander, Wolfgang"]
[Black "Thurner, Markus"]
[Result "0-1"]
[WhiteElo "1498"]
[BlackElo "1888"]
[PlyCount "100"]
[EventDate "2021.11.06"]

1. e4 e6 2. d4 d5 3. exd5 exd5 4. Nf3 Nf6 5. Be2 Bd6 6. O-O O-O 7. Nc3 c6 8. h3
Bf5 9. Re1 Nbd7 10. Bd3 Bxd3 11. Qxd3 Qc7 12. Bg5 Rfe8 13. a3 a6 14. Bd2 Nf8
15. Qf5 Qd7 16. Nh4 Ng6 17. Qxd7 Nxd7 18. Nf5 Bc7 19. b4 Nb6 20. a4 Nc4 21. Be3
Ne7 22. Nxe7+ Rxe7 23. Re2 Rae8 24. Rae1 Bd6 25. Na2 Bf4 26. Nc1 Bxe3 27. fxe3
Rxe3 28. Kf2 Rxe2+ 29. Nxe2 Kf8 30. b5 cxb5 31. axb5 Na3 32. Rc1 Nxb5 33. c4
dxc4 34. Rxc4 Ke7 35. Ng3 g6 36. Kf3 Rd8 37. Ke3 Nd6 38. Rc5 b6 39. Re5+ Kd7
40. Kd3 Re8 41. Ne2 Rxe5 42. dxe5 Nb7 43. Nd4 Nc5+ 44. Kc4 Ne6 45. Nc2 Nf4 46.
Ne3 Ke6 47. Kb4 Kxe5 48. Nc4+ Ke6 49. Nxb6 Nxg2 50. Nc4 g5 0-1

[Event "53smm Richter/Lask-Brixen/Milland"]
[Site "?"]
[Date "2021.11.06"]
[Round "1.1"]
[White "Sader, Michael"]
[Black "Bevilacqua, Maurizio"]
[Result "1-0"]
[WhiteElo "2113"]
[BlackElo "2055"]
[PlyCount "60"]
[EventDate "2021.11.06"]

1. c4 e5 2. Nc3 Nc6 3. g3 Nf6 4. Bg2 Bb4 5. Nf3 O-O 6. O-O Re8 7. d3 h6 8. Nd5
a5 9. e4 d6 10. h3 Bc5 11. Be3 Bd7 12. Qd2 Nh7 13. Kh2 Nd4 14. Bxd4 exd4 15.
Nf4 c6 16. Ne2 Qb6 17. a3 a4 18. Nh4 Qd8 19. f4 Bb6 20. Nf3 Ba5 21. Qc2 c5 22.
g4 Rb8 23. Kg3 b5 24. h4 bxc4 25. dxc4 Rb3 26. Nc1 Re3 27. g5 R8xe4 28. Nd3 Qe7
29. b4 axb3 30. Qxb3 Qe6 1-0

[Event "53smm Richter/Lask-Brixen/Milland"]
[Site "?"]
[Date "2021.11.06"]
[Round "1.2"]
[White "Buglisi, Masimo"]
[Black "Brenninger, Daniel"]
[Result "0-1"]
[WhiteElo "1907"]
[BlackElo "2085"]
[PlyCount "76"]
[EventDate "2021.11.06"]

1. e4 e6 2. d3 d5 3. Nd2 Nf6 4. Ngf3 Be7 5. g3 O-O 6. Bg2 c5 7. O-O Nc6 8. Re1
Qc7 9. e5 Nd7 10. Qe2 b6 11. Nf1 Ba6 12. Bf4 Rac8 13. c3 Rfe8 14. h4 d4 15. c4
b5 16. b3 bxc4 17. bxc4 Rb8 18. Rab1 Rxb1 19. Rxb1 Rb8 20. Rxb8+ Qxb8 21. h5 h6
22. g4 Bb7 23. N1d2 Ba8 24. Ne4 Qb1+ 25. Kh2 Nb4 26. Ne1 Qxa2 27. Qxa2 Nxa2 28.
Nxc5 Bxg2 29. Nxd7 Bb7 30. Nc2 Nb4 31. Nxd4 Nxd3 32. Be3 Bc8 33. Nc6 Bxd7 34.
Nxe7+ Kf8 35. Bxa7 Kxe7 36. Kg3 Nxe5 37. Bd4 f6 38. f4 Nxc4 0-1

[Event "53smm Richter/Lask-Brixen/Milland"]
[Site "?"]
[Date "2021.11.06"]
[Round "1.3"]
[White "Kofler, Thomas"]
[Black "Mumelter, Erwin"]
[Result "1-0"]
[WhiteElo "1972"]
[BlackElo "1684"]
[PlyCount "46"]
[EventDate "2021.11.06"]

1. c4 f5 2. Nc3 Nf6 3. d4 e6 4. e3 Bb4 5. Bd2 c6 6. Nf3 O-O 7. Be2 Ba5 8. c5
Bc7 9. b4 b5 10. a4 bxa4 11. Rxa4 Bb7 12. Qb3 Qc8 13. O-O d5 14. Rfa1 a6 15. b5
cxb5 16. Nxb5 Nc6 17. Nxc7 Qxc7 18. Bxa6 Bxa6 19. Rxa6 Rxa6 20. Rxa6 Rb8 21.
Rxc6 Rxb3 22. Rxc7 Ne4 23. Kf1 Nxd2+ 1-0